000 00234nam a22000977a 4500
008 160518b xxu||||| |||| 00| 0 eng d
041 _aeng
080 _a61
245 _aGeriatrics at your fingertips;
_cDavid B. Reuben;
942 _2udc
_cBK
999 _c2194
_d2194